000 00622 a2200181 4500
001 132167
003 OSt
005 20211012125601.0
008
082 _a616.979201
_bD55D
245 1 _aDiagnosis and management of HIV/AIDS
_cedited by Usha K. Baveja and B. B. Rewari
260 _aUk
_bAnshan
_c2005
300 _a476p.
690 _aIndia; AIDS (Disease)--Diagnosis; Antiviral agents--Therapeutic use; AIDS (Disease)--Treatment; HIV infections--Treatment; AIDS (Disease)--Chemotherapy
700 _aBaveja, Usha K
_eEditor
700 _aRewari, B. B
_eEditor
942 _2ddc
_cBK
999 _c6548
_d6548